LIBRARY & INFORMATION CENTRE, KCAET, TAVANUR

ONLINE PUBLIC ACCESS CATALOGUE (OPAC)

Pouradharmam / (Record no. 140)

MARC details
000 -LEADER
fixed length control field 00472cam a2200193ua 4500
041 ## - LANGUAGE CODE
Language code of text/sound track or separate title mal
082 ## - DEWEY DECIMAL CLASSIFICATION NUMBER
Classification number 320.4
Item number MAT/PO
100 ## - MAIN ENTRY--AUTHOR NAME
Personal name Mathew, Nesan T .
245 ## - TITLE STATEMENT
Title Pouradharmam /
250 ## - EDITION STATEMENT
Edition statement 1 /
260 ## - PUBLICATION, DISTRIBUTION, ETC. (IMPRINT)
Place of publication Thiruvananthapuram :
Name of publisher State Instititute of Languages ,
Year of publication 1970.
300 ## - PHYSICAL DESCRIPTION
Number of Pages 228 ; .
942 ## - ADDED ENTRY ELEMENTS (KOHA)
Koha item type Books
Holdings
Withdrawn status Lost status Damaged status Home library Current library Date acquired Full call number Accession Number Koha item type
Withdrawn     KAUAET KAUAET 07/04/2012 320.4 12897 Books
Withdrawn     KAUAET Sanskrit University 07/04/2012 320.4 13029 Books
free website counter